000 00599nam a2200205 i 4500
001 bg
100 1 _aKOSTRZEWNA, Stanisław
245 0 _aPodstawy regeneracji części pojazdów samochodowych.
250 _aStanisław Kostrzewna, Bogdan Nowak.
260 _aWarszawa,
_c1979.
650 9 _aPowłoki ochronne
650 9 _aSamochody
700 1 _aNOWAK, Bogdan
040 _cBPK
041 _apol
080 _a629.113
942 _cKS
008 s pl f |000 0 pol
856 _uhttp://koha.tu.koszalin.pl/cgi-bin/koha/opac-detail.pl?biblionumber=1399
_yKatalog online BPK
999 _c1399
_d1399